| 000 | 00970cam a22002891 4500 | ||
|---|---|---|---|
| 999 |
_c28833 _d28804 |
||
| 001 | 3113246 | ||
| 003 | EG-ScBUE | ||
| 005 | 20200926125052.0 | ||
| 008 | 730208s1965 enkab f b 000 0 eng d | ||
| 040 |
_aDLC _beng _erda _cDLC _dDLC _dEG-ScBUE |
||
| 082 | 0 | 4 |
_a338.09 _bTEC _222 |
| 130 |
_aScientific American. _931665 |
||
| 245 | 1 | 0 |
_aTechnology and economic development : _ba scientific American book. |
| 264 | 1 |
_aMiddlesex, England : _bPenguin Books Ltd, _c1965. |
|
| 300 |
_a236 pages : _bmaps, illustrations ; _c22 cm. |
||
| 336 |
_2rdacontent _atext _btxt |
||
| 337 |
_2rdamedia _aunmediated _bn |
||
| 338 |
_2rdacarrier _avolume _bnc |
||
| 490 | 0 |
_aa Pelican book ; _v761 |
|
| 504 | _aIncludes bibliographical references. | ||
| 650 | 7 |
_aEconomic development. _2BUEsh |
|
| 650 | 7 |
_aEconomic history _y1945-1971. _2BUEsh |
|
| 653 |
_bBUSECO _cSeptember2020 |
||
| 655 |
_vReading book _934232 |
||
| 906 |
_a7 _bcbc _corignew _du _eocip _f19 _gy-gencatlg |
||
| 942 |
_2ddc _cBB |
||